000 01358nam a2200373 a 4500
001 000113599
003 CHAP
005 20220329144403.0
008 170808s2017 mx a fsm |||||||spa d
010 _a110060
011 _a111032
040 _cCHAP
090 _aTesis
100 1 _aCancino Rodríguez, Estefania
_9133049
245 1 0 _aAnálisis de la red de valor e innovación de la agroindustria de cacao (Theobroma cacao L.) en Tabasco /
_h[En línea]
_cpor Estafania Cancino Rodríguez.
260 _aChapingo, Méx. :
_bEl autor,
_c2017.
500 _aPara ver el contenido del material haga clic en la liga
502 _aTesis (Ing. Agroindustrial) -- UACH. Departamento de Ingeniería Agroindustrial
590 _aBATCH
_b00
_c20181121
_lUCH01
_h0759
590 _aE8697GMM
_b05
_c20170808
_lUCH01
_h1435
590 _aE8697GMM
_b05
_c20170808
_lUCH01
_h1437
590 _aE8697GMM
_b05
_c20170830
_lUCH01
_h0619
590 _aE8697GMM
_b05
_c20170830
_lUCH01
_h0622
650 1 4 _aCacao
_xAnálisis.
_916920
650 1 4 _aCacao
_xInvestigación.
_916952
650 1 4 _aCacao
_xMercadeo.
_916956
650 1 4 _aCacao
_xProducción.
_9124846
650 1 4 _aNegocios
_xAdministración.
_9129872
856 _a1
_n0001229
856 _aFinding aid
_uhttp://10.13.5.2/tesis/sist113599.pdf
_zTeclea aquí
901 _aBK
942 _cTESIS
942 _n0
999 _c110060
_d110060